000 01228nam a2200337 a 4500
001 000114006
003 CHAP
005 20220329144423.0
008 171018s2017 mx a fsm |||||||spa d
010 _a110467
011 _a111439
040 _cCHAP
090 _aTesis
100 1 _aArgüelles Cocuyo, José Armando
_9133843
245 1 0 _aEfectos de medios de cultivo en la germinación in vitro de Chysis laevis /
_h[En línea]
_cpor José Armando Argüelles Cocuyo.
260 _aChapingo, Méx. :
_bEl autor,
_c2017.
500 _aPara ver el contenido del material haga clic en la liga
502 _aTesis (Ing. Agr. Esp. en Zonas Tropicales) -- UACH. Unidad Regional Universitaria Sursureste
590 _aBATCH
_b00
_c20181121
_lUCH01
_h0758
590 _aE8697GMM
_b05
_c20171018
_lUCH01
_h1233
590 _aE8697GMM
_b05
_c20171018
_lUCH01
_h1303
590 _aE8697GMM
_b05
_c20171019
_lUCH01
_h0927
650 1 4 _aOrquidáceas
_xConservación.
_9126728
650 1 4 _aOrquidáceas
_xGerminación.
_983727
650 1 4 _aOrquidáceas
_xPropagación.
_983733
856 _a1
_n0000510
856 _aFinding aid
_uhttp://10.13.5.2/tesis/sist114006.pdf
_zTeclea aquí
901 _aBK
942 _cTESIS
942 _n0
999 _c110467
_d110467